000 00416cam a2200145ua 4500
003 OSt
008 250405b |||||||| |||| 00| 0 eng d
041 _aeng
082 _a624.15136
_bKAN/DE
100 _aKaniraj, Shenbaga .
_97395
245 _aDesign aids in soil mechanics and foundation engineering /
260 _aNew Delhi :
_bTata Mc-Graw Hill Publishing Company ,
_c2007.
300 _a698 ; .
942 _cBK
999 _c13196
_d13196